[Event "Women's Speed Chess Q4"]
[Site "chess.com INT"]
[Date "2021.06.03"]
[Round "13"]
[White "Nandhidhaa, P V"]
[Black "Nurmanova, Alua"]
[Result "1-0"]
[WhiteTitle "WGM"]
[BlackTitle "WFM"]
[WhiteElo "2365"]
[BlackElo "2008"]
[WhiteFideId "5050847"]
[BlackFideId "13729390"]
[EventDate "2021.06.03"]

1. e4 c5 2. d4 cxd4 3. Qxd4 Nc6 4. Qe3 d6 5. Nf3 Nf6 6. h3 g6 7. Be2 Bg7 8. O-O
O-O 9. c4 Qc7 10. Nc3 a6 11. Bd2 e6 12. b3 Nd7 13. Rac1 Qb8 14. Rfd1 Nc5 15. Bf1
b6 16. Ne2 a5 17. Bc3 Bb7 18. Bxg7 Kxg7 19. Nc3 Ne5 20. Nd4 Rd8 21. Ndb5 Nc6 22.
Qg3 e5 23. Qf3 Ne7 24. Qe3 Bc6 25. h4 h6 26. g3 f5 27. Bg2 Rd7 28. f4 fxe4 29.
Nxe4 Nf5 30. Qe1 exf4 31. Nxc5 Bxg2 32. Nxd7 Qb7 33. Nxd6 Nxd6 34. Rxd6 Be4 35.
Nf6 Bf5 36. Qe5 Kf7 37. Rcd1 Qf3 38. Rd7+ Bxd7 39. Rxd7+ 1-0

[Event "Women's Speed Chess Q4"]
[Site "chess.com INT"]
[Date "2021.06.03"]
[Round "13"]
[White "Vargas, Gabriela"]
[Black "Chu, Ruotong"]
[Result "0-1"]
[WhiteTitle "WIM"]
[BlackTitle "WIM"]
[WhiteElo "2170"]
[BlackElo "2207"]
[WhiteFideId "3700860"]
[BlackFideId "8605653"]
[EventDate "2021.06.03"]

1. d4 d5 2. Nf3 Nf6 3. Bg5 Ne4 4. Bf4 c5 5. c3 Bf5 6. Nbd2 Nc6 7. e3 e6 8. Be2
Bd6 9. Bxd6 Qxd6 10. O-O O-O 11. Nxe4 Bxe4 12. Nd2 Bg6 13. Bf3 Rfd8 14. Re1 e5
15. dxc5 Qxc5 16. e4 d4 17. Nb3 Qb6 18. cxd4 Nxd4 19. Nxd4 Rxd4 20. Qc2 Rad8 21.
Rad1 h6 22. b3 Qb4 23. h3 Rd2 24. Rxd2 Rxd2 25. Qc8+ Kh7 26. Ra1 Bxe4 27. Bxe4+
Qxe4 28. Qc3 Qe2 29. Rf1 Rxa2 30. Qc7 Kg6 31. Qxb7 Qd3 32. Qc6+ f6 33. Qe8+ Kh7
34. Qf7 a5 35. Rc1 Qd2 36. Rf1 Rb2 37. Qe6 Qc2 38. Qb6 Qc3 39. Qe6 Qd3 40. Qb6
a4 41. b4 Qd4 42. b5 Qxb6 0-1

[Event "Women's Speed Chess Q4"]
[Site "chess.com INT"]
[Date "2021.06.03"]
[Round "13"]
[White "Belenkaya, Dina"]
[Black "Zhai, Mo"]
[Result "0-1"]
[WhiteTitle "WGM"]
[BlackTitle "WGM"]
[WhiteElo "2304"]
[BlackElo "2366"]
[WhiteFideId "24142654"]
[BlackFideId "8600201"]
[EventDate "2021.06.03"]

1. e4 c5 2. Nc3 Nc6 3. g3 g6 4. Bg2 Bg7 5. d3 e6 6. Be3 Nd4 7. Qd2 Qa5 8. Nf3
Ne7 9. O-O Nec6 10. Ne1 O-O 11. Bh6 b5 12. Bxg7 Kxg7 13. f4 f5 14. e5 Bb7 15.
Qf2 Qb6 16. Nd1 b4 17. Ne3 Na5 18. Nf3 Rac8 19. Nc4 Nxc4 20. dxc4 Be4 21. Nxd4
cxd4 22. b3 d6 23. Rad1 dxe5 24. fxe5 Rcd8 25. Rd2 Qc5 26. h4 Qxe5 27. Rfd1 Bxg2
28. Kxg2 Qe4+ 29. Kh2 f4 30. Re1 fxg3+ 31. Qxg3 Qf5 32. Re5 Qf6 33. Kg2 Qf1+ 34.
Kh2 Rf6 35. Qg2 Qf4+ 36. Qg3 Qxd2+ 37. Kh3 Qf4 38. Qxf4 Rxf4 39. Rxe6 d3 40. Re4
Rxe4 41. cxd3 Rxd3+ 42. Kg2 Re2+ 43. Kf1 Rxa2 44. Ke1 Rxb3 45. Kd1 Rb1# 0-1

[Event "Women's Speed Chess Q4"]
[Site "chess.com INT"]
[Date "2021.06.03"]
[Round "13"]
[White "Mkrtchian, Lilit"]
[Black "Tokhirjonova, Gulrukhbegim"]
[Result "0-1"]
[WhiteTitle "IM"]
[BlackTitle "WGM"]
[WhiteElo "2388"]
[BlackElo "2350"]
[WhiteFideId "13300601"]
[BlackFideId "14203626"]
[EventDate "2021.06.03"]

1. c4 e6 2. g3 d5 3. Bg2 Nf6 4. Nf3 Be7 5. d4 O-O 6. Qc2 c5 7. dxc5 Nc6 8. O-O
dxc4 9. Qxc4 Qa5 10. Nbd2 Qxc5 11. Qxc5 Bxc5 12. Nc4 Rd8 13. Be3 Bxe3 14. Nxe3
e5 15. Nc4 e4 16. Ng5 Bf5 17. Ne3 Bg6 18. Rfd1 Nd4 19. Kf1 Bh5 20. Re1 h6 21.
Nxe4 Nxe4 22. Bxe4 Rab8 23. f3 b6 24. g4 Bg6 25. Bxg6 fxg6 26. Red1 Ne6 27. Rac1
Kf7 28. Nd5 g5 29. e4 g6 30. Kf2 h5 31. h3 Rh8 32. Rh1 Rbf8 33. Ke3 Kg7 34. Nc7
Nf4 35. Nd5 Ne6 36. Rc6 Kf7 37. Rd6 Rd8 38. Rxd8 Rxd8 39. Rc1 Rh8 40. Rc2 hxg4
41. hxg4 Rh1 42. Rc8 Rh2 43. Ra8 Rxb2 44. Rxa7+ Kf8 45. Re7 Nc5 46. Rc7 Rxa2 47.
Nxb6 Ra3+ 48. Kd4 Ne6+ 49. Ke5 Nxc7 50. Nd7+ Ke7 51. Nb8 Rxf3 52. Nc6+ Kd7 53.
Nd4 Rf4 54. Ne2 Rxg4 55. Nd4 Rg2 56. Nf3 Ne6 0-1

[Event "Women's Speed Chess Q4"]
[Site "chess.com INT"]
[Date "2021.06.03"]
[Round "13"]
[White "Varshini, V"]
[Black "Selkirk, Rebecca"]
[Result "0-1"]
[WhiteTitle "WGM"]
[BlackTitle "WCM"]
[WhiteElo "2226"]
[BlackElo "1799"]
[WhiteFideId "5091241"]
[BlackFideId "14306514"]
[EventDate "2021.06.03"]

1. e4 c6 2. d4 d5 3. Nc3 dxe4 4. Nxe4 Nd7 5. Nf3 Ngf6 6. Ng3 e6 7. Be2 Be7 8.
O-O O-O 9. Bf4 b6 10. Ne5 Bb7 11. Bf3 Rc8 12. c4 h6 13. a3 Ba8 14. Re1 c5 15.
Bxa8 Rxa8 16. Nc6 Qe8 17. Nxe7+ Qxe7 18. dxc5 Rfc8 19. Bd6 Qe8 20. cxb6 axb6 21.
Qe2 Nc5 22. Bxc5 bxc5 23. b4 Qa4 24. b5 Qb3 25. Reb1 Qc3 26. Qe3 Qxc4 27. b6
Rcb8 28. Qe5 Rb7 29. Rb2 Qd5 30. Qc3 Nd7 31. Rab1 Ra6 32. Rd2 Qc6 33. Qd3 Raxb6
34. Rxb6 Nxb6 35. h3 Nd5 36. Ne4 c4 37. Qg3 Rb1+ 38. Kh2 c3 39. Rc2 Rb3 40. a4
Qxa4 41. Qe5 Rb5 42. Rc1 c2 43. Nd6 Rb1 44. Rxc2 Qxc2 45. Ne4 Qc7 46. Nd6 Rb6
47. g3 Qxd6 0-1

[Event "Women's Speed Chess Q4"]
[Site "chess.com INT"]
[Date "2021.06.03"]
[Round "13"]
[White "Varney, Zoe"]
[Black "Priyanka, K"]
[Result "0-1"]
[WhiteTitle "WCM"]
[BlackTitle "WIM"]
[WhiteElo "1917"]
[BlackElo "2218"]
[WhiteFideId "436135"]
[BlackFideId "5082986"]
[EventDate "2021.06.03"]

1. e4 c5 2. Nf3 d6 3. d4 cxd4 4. Nxd4 Nf6 5. Nc3 a6 6. Be3 e5 7. Nb3 Be7 8. f3
Be6 9. Qd2 Nbd7 10. O-O-O b5 11. g4 O-O 12. h4 b4 13. Ne2 a5 14. Kb1 Nb6 15. h5
Nc4 16. Qc1 Nxe3 17. Qxe3 Nd7 18. f4 exf4 19. Nxf4 Ne5 20. Be2 Bg5 21. Nxe6 fxe6
22. Qd4 Be7 23. Nd2 Qc7 24. Nc4 Rad8 25. Nxe5 dxe5 26. Qc4 Qb6 27. Qb3 Rd4 28.
Bc4 Rfd8 29. Bxe6+ Kh8 30. Rxd4 Qxd4 31. a3 Qxe4 32. Rf1 bxa3 33. bxa3 a4 34.
Qb2 Qe3 35. Ka2 h6 36. Rf5 Bf6 37. Rf1 Qd4 38. Qxd4 Rxd4 39. Bf5 Kg8 40. c3 Rd2+
41. Kb1 Kf7 42. Rf3 Ke7 43. Rd3 Rxd3 44. Bxd3 Kd6 45. Bb5 e4 46. Bxa4 Bxc3 47.
Bc2 Ke5 48. Ka2 Kf4 49. Bd1 Ke3 50. Kb3 Kd2 0-1

[Event "Women's Speed Chess Q4"]
[Site "chess.com INT"]
[Date "2021.06.03"]
[Round "13"]
[White "Purtseladze, Maka"]
[Black "Osmak, Iulija"]
[Result "0-1"]
[WhiteTitle "IM"]
[BlackTitle "IM"]
[WhiteElo "2274"]
[BlackElo "2425"]
[WhiteFideId "13602659"]
[BlackFideId "14101602"]
[EventDate "2021.06.03"]

1. d4 f5 2. Nc3 d5 3. Bf4 Nf6 4. e3 e6 5. Nf3 a6 6. h3 c5 7. Ne2 Nc6 8. c3 Bd6
9. Bxd6 Qxd6 10. Nf4 Ne4 11. Nd3 O-O 12. g3 Bd7 13. Nde5 Be8 14. Nxc6 bxc6 15.
Ne5 cxd4 16. exd4 c5 17. Bg2 Rb8 18. Rb1 Bb5 19. a4 Bxa4 20. Qxa4 Nxc3 21. Qc2
Nxb1 22. Qxb1 cxd4 23. Nd3 e5 24. O-O e4 25. Nf4 d3 26. Qa2 Rfd8 27. Rd1 Qe5 28.
Qxa6 Rxb2 29. Qe6+ Qxe6 30. Nxe6 Rd6 31. Nf4 g5 32. Nxd3 exd3 33. Rxd3 Rb1+ 34.
Kh2 d4 35. Rd2 Kf7 36. Bf3 Kf6 37. Kg2 Rb3 38. Bd1 Rb4 39. Be2 Ke5 40. Bd3 h6
41. Re2+ Kf6 42. Rd2 Ra4 43. Kf3 Ra3 44. Ke2 f4 45. gxf4 gxf4 46. Kf3 Kg5 47.
h4+ Kxh4 48. Kxf4 Rf6+ 49. Ke5 Rf8 50. f4 Kg3 51. f5 h5 52. Be4 h4 53. Rxd4 h3
54. Rd6 Rh8 55. Rg6+ Kf2 56. f6 h2 57. f7 Re3 58. Rg8 Rxe4+ 59. Kf5 h1=Q 60.
f8=Q Qf3+ 61. Kg6 Qxf8 62. Rxh8 Qxh8 0-1

[Event "Women's Speed Chess Q4"]
[Site "chess.com INT"]
[Date "2021.06.03"]
[Round "13"]
[White "Nguyen, Thi Mai Hung"]
[Black "Vo, Thi Kim Phung"]
[Result "1-0"]
[WhiteTitle "WGM"]
[BlackTitle "WGM"]
[WhiteElo "2254"]
[BlackElo "2335"]
[WhiteFideId "12401676"]
[BlackFideId "12401838"]
[EventDate "2021.06.03"]

1. d4 Nf6 2. Nf3 g6 3. g3 Bg7 4. Bg2 O-O 5. O-O b6 6. Ne5 c6 7. c4 Bb7 8. Nc3 d6
9. Nd3 d5 10. c5 Nfd7 11. cxb6 axb6 12. e3 e5 13. dxe5 Nxe5 14. Nxe5 Bxe5 15.
Qc2 Na6 16. Rd1 Qe7 17. Bd2 Bg7 18. Na4 b5 19. Nb6 Rad8 20. Ba5 Be5 21. a4 b4
22. e4 d4 23. Nc4 Bc7 24. e5 Ba8 25. Bxc7 Qxc7 26. f4 c5 27. b3 Bxg2 28. Qxg2 f6
29. Nd6 fxe5 30. fxe5 Kg7 31. Qd5 Qe7 32. Rf1 h5 33. Rae1 h4 34. g4 h3 35. Qc6
Nc7 36. Qxc5 Ne6 37. Qd5 Rxf1+ 38. Rxf1 Rf8 39. Rxf8 Nxf8 40. Qxd4 Ne6 41. Qe4
Ng5 42. Qb7 Kf8 43. Qxe7+ Kxe7 44. a5 Nf3+ 45. Kf2 Nxe5 46. a6 Nc6 47. Nc8+ Kd7
48. a7 Nxa7 49. Nxa7 Kd6 50. Ke3 Kd5 51. Nc8 g5 52. Ne7+ Ke6 53. Nc6 Kd5 54.
Nxb4+ Kc5 55. Nd3+ Kd5 56. b4 Kc6 57. Ke4 Kb5 58. Kf5 1-0

[Event "Women's Speed Chess Q4"]
[Site "chess.com INT"]
[Date "2021.06.03"]
[Round "13"]
[White "Dauletova, Gulmira"]
[Black "Tomilova, Elena"]
[Result "1/2-1/2"]
[WhiteTitle "WGM"]
[BlackTitle "WGM"]
[WhiteElo "2285"]
[BlackElo "2338"]
[WhiteFideId "13702971"]
[BlackFideId "4162340"]
[EventDate "2021.06.03"]

1. e4 e6 2. d4 d5 3. e5 c5 4. c3 Nc6 5. Nf3 Qb6 6. a3 c4 7. Be2 Bd7 8. Nbd2 Na5
9. Rb1 Ne7 10. h4 Qc7 11. h5 h6 12. Nf1 Nc8 13. Bf4 Nb6 14. Bg3 Be7 15. Nh4 Nb3
16. Nd2 Ba4 17. Nxb3 Bxb3 18. Qd2 Na4 19. f4 O-O-O 20. O-O Kb8 21. Bg4 Ka8 22.
f5 Bg5 23. Qf2 Qb6 24. fxe6 fxe6 25. Ng6 Rhe8 26. Rbe1 a6 27. Re2 Rd7 28. Bf4
Bd8 29. Be3 Qa5 30. Nf8 Rde7 31. Ng6 Rd7 32. Qg3 Ka7 33. Qh3 Qb6 34. Nf8 Rde7
35. Ref2 Ba2 36. Bc1 Bb1 37. Rf7 Bd3 38. Rxe7 Bxe7 39. Nxe6 Bxf1 40. Kxf1 Nxb2
41. Nxg7 Rf8+ 42. Nf5 Nd3 43. Be3 Bxa3 44. Kg1 Qb1+ 45. Kh2 Bc1 46. Bxc1 Qxc1
47. e6 Qf4+ 48. Qg3 Qg5 49. e7 Re8 50. Qd6 Qxg4 51. Qd7 Qxh5+ 52. Kg1 Qd1+ 53.
Kh2 Qh5+ 54. Kg1 Nf4 55. Nd6 Ne2+ 56. Kf2 Qh4+ 57. Kf1 Rxe7 58. Nc8+ Kb8 59.
Nxe7 Ng3+ 60. Kg1 Ne4 61. Nxd5 Qf2+ 62. Kh2 Qh4+ 63. Kg1 Qf2+ 64. Kh2 Qg3+ 65.
Kg1 Qf2+ 1/2-1/2

[Event "Women's Speed Chess Q4"]
[Site "chess.com INT"]
[Date "2021.06.03"]
[Round "13"]
[White "Arpita, Mukherjee"]
[Black "Kairbekova, Amina"]
[Result "1/2-1/2"]
[WhiteTitle "WIM"]
[BlackTitle "WFM"]
[WhiteElo "2206"]
[BlackElo "2132"]
[WhiteFideId "5056403"]
[BlackFideId "13712799"]
[EventDate "2021.06.03"]

1. e4 c5 2. Nf3 Nc6 3. Bb5 g6 4. Bxc6 dxc6 5. d3 Bg7 6. Nc3 Nf6 7. Be3 Nd7 8.
Qd2 h6 9. O-O e5 10. h3 b6 11. Nh2 Nf8 12. Ne2 Ne6 13. c3 Qc7 14. f4 exf4 15.
Nxf4 Bd7 16. Nxe6 Bxe6 17. Nf3 O-O-O 18. Bf4 Qd7 19. Rfd1 g5 20. Bh2 f5 21. exf5
Bxf5 22. a4 a5 23. Qf2 Rhe8 24. d4 Kb7 25. Rd2 c4 26. Re1 Be4 27. Rde2 Qd5 28.
Nd2 Bg6 29. Re7+ Rxe7 30. Rxe7+ Rd7 31. Rxd7+ Qxd7 32. Nxc4 c5 33. Qf3+ Ka7 34.
d5 Qxa4 35. Nd6 Qa1+ 36. Qf1 Qxf1+ 37. Kxf1 a4 38. Nc8+ Kb7 39. Ne7 Bd3+ 40. Ke1
a3 41. bxa3 Bxc3+ 42. Kd1 Bb5 43. Nf5 Ba4+ 44. Kc1 b5 45. Nxh6 b4 46. axb4 cxb4
47. Nf5 b3 48. Nd6+ Ka6 49. Nc4 Bb5 50. Nb2 Kb6 51. g3 Kc5 52. h4 gxh4 53. gxh4
Kxd5 54. h5 Ke6 55. h6 Kf6 56. Bf4 Kf5 57. Bd2 Bd4 58. Nd1 Bc6 59. Nc3 Kg6 60.
Kb2 Bxc3+ 61. Kxc3 Bd5 62. Kb2 Bc4 63. Kc3 Be6 64. Kb2 Bf7 65. Ka3 Be6 66. Kb2
Bf7 67. Be3 Be6 68. Bd4 Bd5 69. Bg7 Be6 70. Kc3 Bf7 71. Kb2 Be6 72. Kc3 b2 73.
Kxb2 Bf7 74. Kc3 Kh7 75. Kd4 Bg6 76. Ke5 Bb1 77. Kf6 Bc2 78. Bf8 Bb1 79. Kg5 Bc2
80. Bb4 Bb1 81. Bd2 Bc2 82. Kf6 Bb1 83. Ke5 Bc2 1/2-1/2

[Event "Women's Speed Chess Q4"]
[Site "chess.com INT"]
[Date "2021.06.03"]
[Round "13"]
[White "Obregon Garcia, Roxangel"]
[Black "Pandey, Srishti"]
[Result "0-1"]
[WhiteTitle "WIM"]
[BlackTitle "WFM"]
[WhiteElo "2167"]
[BlackElo "2026"]
[WhiteFideId "3520420"]
[BlackFideId "35093290"]
[EventDate "2021.06.03"]

1. d4 Nf6 2. Bf4 c5 3. e3 cxd4 4. exd4 e6 5. c3 d5 6. Nf3 Bd6 7. Bg3 O-O 8. Bd3
Ne4 9. Nbd2 f5 10. O-O Nc6 11. c4 Nxd2 12. Qxd2 Bb4 13. Qc2 dxc4 14. Qxc4 Be7
15. Be5 Bd7 16. Rfe1 Rc8 17. Qb3 Na5 18. Qd1 Bc6 19. Rc1 Bd5 20. b3 Qd7 21. Nd2
Ba3 22. Rxc8 Rxc8 23. Qh5 Bb4 24. Qe2 Qc6 25. f3 Bc3 26. Rd1 Qb6 27. Qf2 Nc6 28.
Nc4 Qd8 29. Rc1 Nxe5 30. dxe5 Bxe5 31. Re1 Bc3 32. Rc1 Bxc4 33. Rxc3 Bxd3 34.
Rxc8 Qxc8 35. Qd4 Qc1+ 36. Kf2 Qd2+ 37. Kg3 f4+ 38. Qxf4 Qxf4+ 39. Kxf4 Kf7 40.
Ke3 Bb1 41. a3 Ba2 42. b4 Bc4 43. g3 b5 44. f4 a6 45. Kd4 Bd5 46. Kc5 Ke7 47.
Kb6 Kd6 48. Kxa6 Kc6 49. Ka5 Bb3 50. Ka6 Ba4 51. Ka7 g6 52. Kb8 h6 53. Kc8 Kd5
54. Kd7 e5 55. fxe5 Kxe5 56. Ke7 Kf5 57. Kf7 Bb3+ 58. Kg7 h5 59. Kh6 Bc4 60. h3
Bb3 61. Kh7 g5 62. Kh6 g4 63. h4 Bf7 64. Kg7 Be8 65. Kf8 Bc6 66. Kg7 Ke4 67. Kh6
Kf3 68. Kxh5 Kxg3 69. Kg5 Kh3 70. h5 g3 71. h6 g2 72. h7 g1=Q+ 73. Kf6 Qd4+ 74.
Kf7 Qh8 0-1

[Event "Women's Speed Chess Q4"]
[Site "chess.com INT"]
[Date "2021.06.03"]
[Round "13"]
[White "Nguyen, Hong Ngoc"]
[Black "Nikolova, Adriana"]
[Result "1/2-1/2"]
[WhiteTitle "WCM"]
[BlackTitle "WGM"]
[WhiteElo "1957"]
[BlackElo "2243"]
[WhiteFideId "12403083"]
[BlackFideId "2908689"]
[EventDate "2021.06.03"]

1. e4 c6 2. d4 d5 3. exd5 cxd5 4. Nf3 Nf6 5. c3 Nc6 6. Bf4 a6 7. h3 Bf5 8. Bd3
Bxd3 9. Qxd3 e6 10. O-O Bd6 11. Bxd6 Qxd6 12. Re1 O-O 13. Ne5 b5 14. Nd2 Na5 15.
Qg3 Nc4 16. Ndxc4 bxc4 17. Ng4 Ne4 18. Qe3 Qb6 19. f3 Nd6 20. Re2 Nf5 21. Qf4
Rab8 22. h4 Qd6 23. Qxd6 Nxd6 24. h5 h6 25. Ne5 Rb7 26. Rf1 Rfb8 27. Rff2 Nf5
28. g4 Nd6 29. Nc6 Rc8 30. Ne5 a5 31. a3 Rcc7 32. Kf1 Rb6 33. Ke1 Rcb7 34. Kd1
Nb5 35. Rc2 Nd6 36. Kc1 Nc8 37. Rg2 Ne7 38. f4 Nc8 39. g5 hxg5 40. fxg5 Nd6 41.
h6 g6 42. Ng4 Ne4 43. Rh2 Nxg5 44. Nf6+ Kh8 45. Rcg2 Ne4 46. Nxe4 dxe4 47. Rh4
Rb5 48. Rxe4 Kh7 49. Rf4 Kxh6 50. Rh2+ Kg7 51. Rfh4 Rf5 52. Rh8 Rf1+ 53. Kc2 Kf6
54. Rc8 Kf5 55. Rxc4 g5 56. Rc5+ Kf4 57. Rh5 Rf2+ 58. Kd3 f5 59. d5 exd5 60.
Rxd5 Rbxb2 61. Rd4+ Ke5 62. Rxg5 Rbd2+ 63. Kc4 Rxd4+ 64. cxd4+ Ke4 65. Rg8 Rc2+
66. Kb5 Kxd4 67. Kxa5 Rb2 68. Rf8 Ke4 69. a4 f4 70. Ka6 f3 71. a5 f2 72. Ka7 Ke3
73. a6 Ke2 74. Ka8 f1=Q 75. Rxf1 Kxf1 76. a7 Ra2 77. Kb8 Rb2+ 78. Kc8 Rc2+ 79.
Kb8 Rb2+ 80. Kc8 Rc2+ 81. Kb8 Rb2+ 1/2-1/2

[Event "Women's Speed Chess Q4"]
[Site "chess.com INT"]
[Date "2021.06.03"]
[Round "13"]
[White "Socko, Monika"]
[Black "Bivol, Alina"]
[Result "0-1"]
[WhiteTitle "GM"]
[BlackTitle "WGM"]
[WhiteElo "2421"]
[BlackElo "2385"]
[WhiteFideId "1106619"]
[BlackFideId "4100123"]
[EventDate "2021.06.03"]

1. d4 Nf6 2. c4 g6 3. Nf3 c5 4. d5 Bg7 5. g3 b5 6. cxb5 d6 7. Nc3 a6 8. bxa6
Bxa6 9. Bg2 O-O 10. O-O Nbd7 11. Qc2 Nb6 12. Rd1 Nfd7 13. b3 c4 14. b4 Na4 15.
Qxa4 Bxc3 16. Rb1 Bb7 17. Qc2 Bg7 18. Qxc4 Nb6 19. Qb3 Qd7 20. Bb2 Qa4 21. Bxg7
Qxb3 22. axb3 Kxg7 23. e4 Rfc8 24. Nd4 Nd7 25. Rdc1 Ne5 26. Bf1 f5 27. Ne6+ Kf6
28. Nc7 Ra2 29. exf5 gxf5 30. Rc3 Rd2 31. Bg2 Nd3 32. Rf1 Nxb4 33. h3 Nd3 34. b4
Nxb4 35. Rb1 Na2 36. Rc4 Ba6 37. Rc6 Bd3 38. Re1 Rc2 39. Rxc2 Bxc2 40. Ne6 Nc3
41. Nf4 Be4 42. g4 Bxg2 43. Kxg2 Rc4 44. Kg3 Re4 45. Rd1 Ne2+ 46. Nxe2 Rxe2 47.
gxf5 Kxf5 48. Rd4 Re4 49. Rd3 Ke5 50. f3 Rd4 51. Re3+ Kf6 52. Re6+ Kf7 53. Rh6
Kg7 54. Rh5 Kg6 55. Rh4 Rxd5 56. Re4 Kf6 57. f4 h5 58. Kh4 e5 59. fxe5+ dxe5 60.
Re3 Kg6 61. Rg3+ Kh6 62. Rf3 Rd4+ 63. Kg3 Kg5 64. Re3 h4+ 65. Kf3 Kf5 66. Rc3
Rf4+ 67. Kg2 Rd4 68. Rf3+ Rf4 69. Re3 Rb4 70. Rf3+ Ke4 71. Rf6 Rb2+ 72. Kg1 Ke3
73. Rh6 Kf3 74. Rf6+ Kg3 75. Kf1 Kxh3 76. Re6 Rb5 77. Kf2 Kg4 78. Rg6+ Kf5 79.
Rh6 Rb4 80. Rh5+ Ke6 81. Ke3 Kd5 82. Rh6 Rg4 83. Kf3 Rf4+ 84. Ke3 Ra4 85. Kf3
Ra3+ 86. Kg4 h3 87. Rh8 Ke4 0-1

[Event "Women's Speed Chess Q4"]
[Site "chess.com INT"]
[Date "2021.06.03"]
[Round "13"]
[White "Nguyen, Hong Anh"]
[Black "Luong, Phuong Hanh"]
[Result "1-0"]
[WhiteTitle "WIM"]
[BlackTitle "WIM"]
[WhiteElo "1993"]
[BlackElo "2229"]
[WhiteFideId "12406732"]
[BlackFideId "12401013"]
[EventDate "2021.06.03"]

1. d4 Nf6 2. g3 g6 3. Bg2 Bg7 4. c4 c6 5. Nc3 d5 6. cxd5 cxd5 7. Nf3 O-O 8. O-O
Nc6 9. Ne5 Ng4 10. Nxd5 Ngxe5 11. dxe5 Nxe5 12. Bg5 Re8 13. Nxe7+ Qxe7 14. Bxe7
Rxe7 15. Qd8+ Bf8 16. Rfd1 Nc6 17. Qd2 Bf5 18. Rac1 Ne5 19. Qa5 b6 20. Qc3 Rae8
21. e3 Bg7 22. Qa3 Bf8 23. Qa4 Nd3 24. Rc2 Nc5 25. Rxc5 bxc5 26. Qc4 Rc7 27. Bd5
Rb8 28. b3 Bg7 29. g4 Rb4 30. Qc1 Rxg4+ 31. Kh1 h5 32. f3 Rb4 33. e4 Bh3 34. Qf4
Rd7 35. Rg1 Rb6 36. Qg3 Be6 37. Bxe6 Rxe6 38. Qb8+ Kh7 39. Qc8 Rd2 40. Qxc5 Be5
41. Rg2 Rd1+ 42. Rg1 Bd4 43. Qxh5+ gxh5 44. Rxd1 Bb6 45. Rd7 Rf6 46. Kg2 Kg6 47.
Kg3 h4+ 48. Kg4 Be3 49. Kxh4 Rxf3 50. Rd6+ f6 51. e5 Bg5+ 52. Kg4 Rf2 53. exf6
Bxf6 54. Ra6 Rxh2 55. Rxa7 Rd2 56. Ra6 Kf7 57. Kf5 Rf2+ 58. Ke4 Be7 59. a4 Re2+
60. Kd3 Rh2 61. Kc4 Rh4+ 62. Kc3 Rh3+ 63. Kb2 Bb4 64. Rb6 Rh2+ 65. Kc1 Bc3 66.
Rc6 Ba5 67. Rc5 Bd8 68. b4 Be7 69. Rc7 Ke6 70. b5 Bd6 71. Rc6 Kd5 72. a5 Ra2 73.
a6 Bc5 74. Kb1 Rh2 75. Rc8 Bd4 76. Rd8+ Kc4 77. Rb8 Kb3 78. Kc1 Bc3 79. Rd8 Rh1+
80. Rd1 Rh6 81. a7 Bb2+ 82. Kd2 Rh8 83. b6 Bc3+ 84. Ke3 Kc4 85. b7 Re8+ 86. Kf4
Rf8+ 87. Kg5 Rg8+ 88. Kf5 Rf8+ 89. Ke6 1-0